Μελέτη της απόδοσης της αναβάθμισης και επέκτασης της εγκατάστασης επεξεργασίας λυμάτων του Δήμου Σπάρτης : πτυχιακή εργασία
Αποθηκεύτηκε σε:
| Κύριος συγγραφέας: | |
|---|---|
| Συγγραφή απο Οργανισμό/Αρχή: | |
| Άλλοι συγγραφείς: | , |
| Μορφή: | Thesis Βιβλίο |
| Γλώσσα: | Greek |
| Δημοσίευση: |
Μυτιλήνη :
Πανεπιστήμιο Αιγαίου, Τμήμα Περιβάλλοντος,
2003
|
| Θέματα: | |
| Διαθέσιμο Online: | http://hdl.handle.net/11610/10319 |
| Ετικέτες: |
Προσθήκη ετικέτας
Δεν υπάρχουν, Καταχωρήστε ετικέτα πρώτοι!
|
MARC
| LEADER | 00000cam a2200000 i 4500 | ||
|---|---|---|---|
| 001 | 1/80242 | ||
| 008 | 050707s2003 gre d | ||
| 035 | |l 10078975 | ||
| 040 | |a GR-MY-UA |b gre |e aacr | ||
| 041 | 0 | |a gre | |
| 082 | 0 | |a 628.5 |2 (22) | |
| 100 | 1 | |a Λυμπερόπουλος, Σπυρίδων Θ. | |
| 245 | 1 | 0 | |a Μελέτη της απόδοσης της αναβάθμισης και επέκτασης της εγκατάστασης επεξεργασίας λυμάτων του Δήμου Σπάρτης : |b πτυχιακή εργασία / |c Λυμπερόπουλος Θ. Σπυρίδων ; υπεύθυνοι καθαγητές Θ. Λέκκας, Π. Παρασκευάς |
| 246 | 3 | 3 | |a Εγκατάσταση επεξεργασίας λυμάτων Σπάρτης |
| 260 | |a Μυτιλήνη : |b Πανεπιστήμιο Αιγαίου, Τμήμα Περιβάλλοντος, |c 2003 | ||
| 300 | |a 162 σ.; |b πιν., εγχ. εικ., σχ.; |c 30 εκ. | ||
| 502 | |a Πτυχιακή εργασία – Πανεπιστήμιο Αιγαίου, Λέσβος, 2003. | ||
| 504 | |a Βιβλιογραφία: 161-162 | ||
| 650 | 0 | 0 | |a Sewage |x Purification |z Greece |z Sparta. |
| 650 | 0 | 0 | |a Sewage disposal plants |x Efficiency |z Greece |z Sparta. |
| 650 | 0 | 0 | |a Dissertations, Academic |z Greece. |
| 700 | 1 | |a Παρασκευάς, Παναγιώτης. |4 ths | |
| 700 | 1 | |4 ths |a Λέκκας, Θεμιστοκλής Δ. | |
| 710 | 2 | |a Πανεπιστήμιο Αιγαίου. |b Σχολή Περιβάλλοντος. |b Τμήμα Περιβάλλοντος. | |
| 852 | |a INST |b LESVOS |c DIATR |e 20050727 |h 791 |p 005100031621 |q 005100031621 |t DIE |y 23 | ||
| 852 | |a INST |b LESVOS |c DIATR |e 20050707 |h 792 |p 005100031622 |q 005100031622 |t DIE |y 23 | ||
| 856 | |u http://hdl.handle.net/11610/10319 | ||
| 901 | |a BIBL1-2005-2 | ||
| 909 | |a Λ |b 106016 | ||
| 909 | |a Λ |b 106026 | ||
| 924 | |a ΛΥΜΠΕΡΟΠΟΥΛΟΣ |b ΣΠΥΡΙΔΩΝ Θ. |y ΛΕΣΒΟΣ |z 2003-09 | ||
| 970 | |a ΜΑΡΙΝΑΤΟΥ |b ΜΥΡΣΙΝΗ |z 2005/07/07 | ||